000 00705nam a22001937a 4500
003 UA-OsUOA
001 51112
007 ta
008 20140820b un ||||| |||| 00| 0 ukr d
090 _a050
_bВ55
942 _cMG
040 _aUA-OsUOA
_bukr
_cUA-OsUOA
_dUA-OsUOA
245 _aВісник НТШ
_b1995: Ч. 12-13; 1998: Ч. 19-20; 2000: Ч. 23, 24; 2001: Ч. 25, 26; 2002: Ч. 27, 28; 2003: Ч. 29, 30; 2004: Ч. 31, 32; 2006: Ч. 36, 37
955 _a1
041 _aukr
080 _a050
650 7 _a050 Серійні публікації. Періодика галузі, Організація та інші типи поєднання (співробітництва)
_2UDC
999 _c431242
_d431242